ბათუმის შოთა რუსთაველის სახელმწიფო უნივერსიტეტის ბიბლიოთეკა

ხალხური ყოფა და აღზრდის წეს–ჩვეულებები რაჭაში(სოფელი რაჭისუბანი) (ბიბ.ჩანაწერი № 36619)

000 -LEADER
fixed length control field 00762nam a2200205Ia 4500
001 - CONTROL NUMBER
control field 2539
003 - CONTROL NUMBER IDENTIFIER
control field GE_BSU
008 - FIXED-LENGTH DATA ELEMENTS--GENERAL INFORMATION
fixed length control field 181216s||||||||xx |||||||||||||| ||und||
020 ## - INTERNATIONAL STANDARD BOOK NUMBER
International Standard Book Number 9992847174
040 ## - CATALOGING SOURCE
Transcribing agency GE_BSU
100 ## - MAIN ENTRY--PERSONAL NAME
Personal name კაპანაძე,ნათელა
245 ## - TITLE STATEMENT
Title ხალხური ყოფა და აღზრდის წეს–ჩვეულებები რაჭაში(სოფელი რაჭისუბანი)
260 ## - PUBLICATION, DISTRIBUTION, ETC.
Place of publication, distribution, etc. თბილისი
260 ## - PUBLICATION, DISTRIBUTION, ETC.
Name of publisher, distributor, etc. მეცნიერება
260 ## - PUBLICATION, DISTRIBUTION, ETC.
Date of publication, distribution, etc. 2004
300 ## - PHYSICAL DESCRIPTION
Extent 94გვ.
653 ## - INDEX TERM--UNCONTROLLED
Uncontrolled term ხალხური ყოფა და აღზრდის წეს–ჩვეულებები რაჭაში
942 ## - ADDED ENTRY ELEMENTS (KOHA)
Koha item type წიგნი
ეგზემპლარები
Withdrawn status Lost status Damaged status Not for loan Date acquired Barcode Date last seen Price effective from Koha item type
        2018-12-17 1535 2018-12-17 2018-12-17 წიგნი